000 00626nam a22002417a 4500
003 UA-OsUOA
001 28530
007 ta
008 20050405b un ||||| |||| 00| 0 ukr d
090 _a912(477)
_bЗ-14
942 _cBK
040 _aUA-OsUOA
_bukr
_cUA-OsUOA
_dUA-OsUOA
245 _aЗагальногеографічний атлас України
_cРед. І.Руденко
300 _a112 с.
_bІлюстрації
955 _a0
041 _aukr
080 _a912(477)
020 _a966-631-500-9
260 _aК.
_bКартографія
_c2004
044 _aUA
650 7 _2UDC
999 _c314899
_d314899